[Event "KIrov Shakhova Memorial 12th"]
[Site "Kirov"]
[Date "2019.10.19"]
[Round "8"]
[White "Ljashenko, Konstantin"]
[Black "Kuznetsov, Dmitri1"]
[Result "1-0"]
[WhiteElo "2024"]
[BlackElo "1530"]
[PlyCount "57"]
[EventDate "2019.10.05"]
[EventType "tourn"]
[EventRounds "11"]
[EventCountry "RUS"]
[SourceTitle "CBM 193 Extra"]
[Source "ChessBase"]
[SourceDate "2020.01.31"]
[SourceVersion "1"]
[SourceVersionDate "2020.01.31"]
[SourceQuality "1"]

1. c4 Nf6 2. Nc3 g6 3. g3 Bg7 4. Bg2 0-0 5. e4 d6 6. d4 Nc6 7. Nge2 h6 8. 0-0 e5 9. h3 Nd7 10. Be3 Ne7 11. Qd2 Kh7 12. f4 f5 13. fxe5 dxe5 14. d5 g5 15. exf5 Nb6 16. Bxb6 axb6 17. g4 Ng8 18. Ne4 Qe8 19. N2c3 Bd7 20. b4 Rf7 21. a3 Bf8 22. Ne2 c6 23. d6 Nf6 24. N2g3 Qb8 25. Nxf6+ Rxf6 26. Ne4 Rf7 27. Rfd1 Bg7 28. Qe3 Qf8 29. Qxb6 1-0

[Event "KIrov Shakhova Memorial 12th"]
[Site "Kirov"]
[Date "2019.10.05"]
[Round "1"]
[White "Bessonov, Arsenij"]
[Black "Ljashenko, Konstantin"]
[Result "1-0"]
[WhiteElo "1721"]
[BlackElo "2024"]
[PlyCount "57"]
[EventDate "2019.10.05"]
[EventType "tourn"]
[EventRounds "11"]
[EventCountry "RUS"]
[SourceTitle "CBM 193 Extra"]
[Source "ChessBase"]
[SourceDate "2020.01.31"]
[SourceVersion "1"]
[SourceVersionDate "2020.01.31"]
[SourceQuality "1"]

1. c4 e6 2. Nc3 b6 3. d4 Bb7 4. e4 Bb4 5. Qc2 f5 6. exf5 Nf6 7. fxe6 0-0 8. Be3 dxe6 9. Nf3 Ng4 10. Be2 Nd7 11. Ng5 Bxc3+ 12. bxc3 Ngf6 13. Nxe6 Qe7 14. Nxf8 Rxf8 15. 0-0 Be4 16. Bd3 Bxg2 17. Kxg2 Ng4 18. Qe2 Qh4 19. h3 Nh6 20. Bxh6 Qxh6 21. Rae1 Nf6 22. f4 g6 23. Kh2 Nh5 24. Qe6+ Kh8 25. Qe5+ Kg8 26. Qg5 Qg7 27. Re7 Rf7 28. Rxf7 Qxf7 29. Qd5 1-0

[Event "KIrov Arakelian Memorial 7th"]
[Site "Kirov"]
[Date "2017.05.19"]
[Round "8"]
[White "Shuljya, Alexander"]
[Black "Ljashenko, Konstantin"]
[Result "1-0"]
[WhiteElo "1752"]
[BlackElo "2128"]
[PlyCount "143"]
[EventDate "2017.05.12"]
[EventType "swiss"]
[EventRounds "9"]
[EventCountry "RUS"]
[SourceTitle "EXT 2018"]
[Source "ChessBase"]
[SourceDate "2017.10.13"]
[SourceVersion "1"]
[SourceVersionDate "2017.10.13"]
[SourceQuality "1"]

1. d4 e6 2. e4 b6 3. a3 Bb7 4. Nc3 g6 5. Nf3 Bg7 6. Bg5 Ne7 7. e5 h6 8. Bh4 d5 9. Bd3 0-0 10. Qd2 Qd7 11. Bf6 c5 12. Bb5 Bc6 13. Bxc6 Nbxc6 14. Ne2 cxd4 15. Nexd4 Nxd4 16. Nxd4 Nc6 17. Nxc6 Qxc6 18. Bxg7 Kxg7 19. 0-0 Rac8 20. c3 Qc4 21. Rac1 Qa2 22. h3 Rc4 23. Rfe1 Rfc8 24. g3 Qb3 25. Kh2 Qa4 26. Rb1 Qc6 27. Kg1 Qc5 28. Rbd1 Qc7 29. Qd3 h5 30. h4 Rd8 31. Qf3 Qe7 32. Rd4 Rdc8 33. Red1 Rxd4 34. Rxd4 f6 35. exf6+ Qxf6 36. Qxf6+ Kxf6 37. Rf4+ Ke7 38. Ra4 Rc7 39. f4 Kd6 40. Kf2 a5 41. Ke3 Re7 42. Kd3 Kc5 43. Rd4 b5 44. b3 Rf7 45. Ke3 a4 46. bxa4 Ra7 47. axb5 Rxa3 48. Kd3 Ra1 49. Rb4 Kb6 50. Ke3 Rg1 51. Kf2 Ra1 52. Rb3 Ra5 53. Ke3 Ra1 54. Kd4 Re1 55. Rb2 Rg1 56. Ke5 Rxg3 57. Kxe6 Rg4 58. Kxd5 Rxh4 59. c4 Rxf4 60. c5+ Kb7 61. b6 Rf5+ 62. Kd6 Rf6+ 63. Kd7 Rc6 64. Rb5 Rf6 65. Ra5 Rf7+ 66. Ke6 Rf8 67. Ra7+ Kc6 68. Rc7+ Kb5 69. b7 Rb8 70. c6 Kb6 71. Rc8 Ka7 72. Rxb8 1-0

[Event "KIrov Arakelian Memorial 7th"]
[Site "Kirov"]
[Date "2017.05.14"]
[Round "3"]
[White "Ljashenko, Konstantin"]
[Black "Suleimanov, Konstantin"]
[Result "1-0"]
[WhiteElo "2128"]
[BlackElo "1680"]
[PlyCount "55"]
[EventDate "2017.05.12"]
[EventType "swiss"]
[EventRounds "9"]
[EventCountry "RUS"]
[SourceTitle "EXT 2018"]
[Source "ChessBase"]
[SourceDate "2017.10.13"]
[SourceVersion "1"]
[SourceVersionDate "2017.10.13"]
[SourceQuality "1"]

1. e4 c6 2. d4 d5 3. e5 Bf5 4. Nf3 e6 5. Bd3 Bxd3 6. Qxd3 Qa5+ 7. Nbd2 Qa6 8. c4 Bb4 9. 0-0 Ne7 10. b3 c5 11. Bb2 Nbc6 12. dxc5 Bxc5 13. Qb1 Rd8 14. cxd5 Nxd5 15. Ne4 Be7 16. Nd6+ Bxd6 17. exd6 0-0 18. Ng5 g6 19. Qe4 h5 20. Nxe6 Rfe8 21. Qxd5 Rxe6 22. Rfe1 Qxa2 23. Rxe6 Qxb2 24. Ree1 Nb4 25. Qxb7 Nc2 26. Rxa7 Qf6 27. Rd1 Nd4 28. Rxd4 1-0

[Event "Kirov-ch"]
[Site "Kirov"]
[Date "2016.04.01"]
[Round "1"]
[White "Seidov, Georgij"]
[Black "Ljashenko, Konstantin"]
[Result "0-1"]
[WhiteElo "1877"]
[BlackElo "2138"]
[PlyCount "76"]
[EventDate "2016.04.01"]
[EventType "swiss"]
[EventRounds "9"]
[EventCountry "RUS"]
[SourceTitle "CBM 172 Extra"]
[Source "ChessBase"]
[SourceDate "2016.06.21"]
[SourceVersion "1"]
[SourceVersionDate "2016.06.21"]
[SourceQuality "1"]

1. d4 e6 2. c4 b6 3. Nf3 Bb7 4. e3 Bb4+ 5. Nc3 f5 6. Be2 Nf6 7. 0-0 0-0 8. Qb3 Bxc3 9. Qxc3 Ne4 10. Qc2 Nc6 11. a3 Ng5 12. Nxg5 Qxg5 13. Bf3 Nd8 14. Bxb7 Nxb7 15. b4 Qh4 16. c5 c6 17. f3 Rf6 18. g3 Qh5 19. Bb2 Rg6 20. e4 f4 21. g4 Qg5 22. Qf2 Rh6 23. Kg2 Rf8 24. Rh1 d5 25. cxd6 Nxd6 26. Rac1 Rc8 27. a4 a6 28. e5 Nf5 29. b5 axb5 30. axb5 Ne3+ 31. Kg1 Rh3 32. Rxc6 Rf8 33. Bc1 h5 34. Qa2 Rxf3 35. Qxe6+ Kh8 36. Bxe3 fxe3 37. Rc2 Qf4 38. Kg2 Rf2+ 0-1

[Event "Kirov Chudinovskikh Memorial 2nd"]
[Site "Kirov"]
[Date "2015.07.13"]
[Round "7"]
[White "Ljashenko, Konstantin"]
[Black "Dvinskikh, Leonid"]
[Result "1-0"]
[WhiteElo "2102"]
[BlackElo "2041"]
[PlyCount "93"]
[EventDate "2015.07.02"]
[EventType "tourn"]
[EventRounds "10"]
[EventCountry "RUS"]
[SourceTitle "EXT 2016"]
[Source "ChessBase"]
[SourceDate "2015.10.08"]
[SourceVersion "1"]
[SourceVersionDate "2015.10.08"]
[SourceQuality "1"]

1. d4 d5 2. Nf3 Nf6 3. Bg5 e6 4. e3 h6 5. Bh4 Be7 6. c4 0-0 7. Nc3 Nbd7 8. Bd3 dxc4 9. Bxc4 c5 10. 0-0 b6 11. d5 Nxd5 12. Bxd5 exd5 13. Bxe7 Qxe7 14. Nxd5 Qd6 15. Qb3 Ne5 16. Nxe5 Qxe5 17. f4 Qe4 18. Rf3 Be6 19. Ne7+ Kh7 20. Qc3 Bg4 21. Rg3 h5 22. h3 Qxe7 23. hxg4 Qh4 24. Qe1 Kg8 25. gxh5 Qxh5 26. Rg5 Qh6 27. Qc3 Rad8 28. Rf1 Rd6 29. Rf3 Qf6 30. Qc2 Rfd8 31. Rh3 g6 32. Qf2 Kf8 33. Rh7 Ke7 34. Qf3 R8d7 35. Qa8 Qxb2 36. Rh8 Re6 37. Qf8+ Kf6 38. Rh6 Qc1+ 39. Kh2 Qc2 40. Rhxg6+ Qxg6 41. Rxg6+ Kxg6 42. Qg8+ Kh6 43. f5 Red6 44. Kg3 Rf6 45. Kf4 Rdd6 46. g4 Rg6 47. Qh8# 1-0

[Event "Kirov-ch"]
[Site "Kirov"]
[Date "2015.04.03"]
[Round "2"]
[White "Ljashenko, Konstantin"]
[Black "Derbenev, Andrey"]
[Result "0-1"]
[WhiteElo "2068"]
[BlackElo "2357"]
[PlyCount "70"]
[EventDate "2015.04.02"]
[EventType "tourn"]
[EventRounds "11"]
[EventCountry "RUS"]
[SourceTitle "CBM 166 Extra"]
[Source "ChessBase"]
[SourceDate "2015.06.18"]
[SourceVersion "1"]
[SourceVersionDate "2015.06.18"]
[SourceQuality "1"]

1. e4 c5 2. b3 Nf6 3. d3 d5 4. exd5 Nxd5 5. Bb2 Nc6 6. Nf3 f6 7. Nc3 e5 8. Nxd5 Qxd5 9. Be2 Be7 10. 0-0 Be6 11. Nd2 Qd7 12. Bf3 Rc8 13. a4 0-0 14. Nc4 b6 15. Re1 Bd8 16. Qe2 a6 17. Be4 b5 18. axb5 axb5 19. Bxc6 Qxc6 20. Ne3 Bb6 21. Ng4 Rce8 22. Ne3 Bc8 23. Qf3 Qxf3 24. gxf3 Bb7 25. Kg2 f5 26. Nf1 e4 27. Nd2 exd3 28. cxd3 Kf7 29. Rxe8 Rxe8 30. Kf1 Re6 31. Bc3 Rh6 32. Kg2 Rd6 33. Ba5 Bxa5 34. Rxa5 Rxd3 35. Rxb5 Bd5 0-1

[Event "Kirov Shakhov Memorial-B 2nd"]
[Site "Kirov"]
[Date "2015.01.01"]
[Round "8"]
[White "Dvinskikh, Leonid"]
[Black "Ljashenko, Konstantin"]
[Result "0-1"]
[WhiteElo "2096"]
[BlackElo "2035"]
[PlyCount "116"]
[EventDate "2014.12.27"]
[EventType "swiss"]
[EventRounds "9"]
[EventCountry "RUS"]
[SourceTitle "CBM 164 Extra"]
[Source "ChessBase"]
[SourceDate "2015.03.02"]
[SourceVersion "1"]
[SourceVersionDate "2015.03.02"]
[SourceQuality "1"]

1. d4 e6 2. c4 f5 3. g3 Nf6 4. Bg2 Be7 5. Nd2 d5 6. Qc2 0-0 7. Nh3 c6 8. 0-0 Bd7 9. Nf3 Na6 10. Nf4 Ne4 11. Ne5 Bf6 12. Nfd3 Be8 13. e3 Bg6 14. f3 Nd6 15. b3 Re8 16. Bb2 Rc8 17. Qe2 Nf7 18. Rac1 Nxe5 19. Nxe5 Bxe5 20. dxe5 Qb6 21. Rfd1 Nc7 22. Kh1 a5 23. e4 fxe4 24. fxe4 dxc4 25. Rxc4 Rf8 26. Bd4 Qb5 27. Bc5 Rfe8 28. Qe3 Na6 29. Bd6 c5 30. Rc2 Qc6 31. g4 b6 32. h4 h6 33. h5 Bh7 34. Rf1 Kh8 35. Rf4 Nb4 36. Rcf2 c4 37. Bxb4 axb4 38. bxc4 Qxc4 39. Qxb6 Qc1+ 40. Kh2 Qe1 41. Qd6 Rg8 42. Qxe6 Rc1 43. Qd5 Rd1 44. Qc4 Qg1+ 45. Kh3 Rb1 46. e6 Rc1 47. Qxb4 Rc7 48. e7 Rcc8 49. Rf8 Qc1 50. Rxg8+ Bxg8 51. Rf3 Be6 52. Qd6 Bxg4+ 53. Kg3 Bxf3 54. Bxf3 Qg5+ 55. Kh3 Re8 56. Qg6 Qxe7 57. a4 Rf8 58. Bg4 Rf6 0-1

[Event "Kirov Shakhov Memorial-B 2nd"]
[Site "Kirov"]
[Date "2014.12.29"]
[Round "5"]
[White "Ljashenko, Konstantin"]
[Black "Tsarukian, Elis"]
[Result "0-1"]
[WhiteElo "2035"]
[BlackElo "2193"]
[PlyCount "80"]
[EventDate "2014.12.27"]
[EventType "swiss"]
[EventRounds "9"]
[EventCountry "RUS"]
[SourceTitle "CBM 164 Extra"]
[Source "ChessBase"]
[SourceDate "2015.03.02"]
[SourceVersion "1"]
[SourceVersionDate "2015.03.02"]
[SourceQuality "1"]

1. c4 Nf6 2. Nc3 g6 3. g3 Bg7 4. Bg2 0-0 5. e4 d6 6. Nge2 e5 7. d3 c6 8. 0-0 Na6 9. h3 Nc7 10. Kh2 d5 11. Bg5 dxc4 12. Bxf6 Bxf6 13. dxc4 Be6 14. b3 Qxd1 15. Raxd1 Rad8 16. Rxd8 Rxd8 17. Rd1 Rxd1 18. Nxd1 h5 19. Nc1 Be7 20. Nd3 f6 21. h4 Na6 22. Bh3 Bxh3 23. Kxh3 Nc5 24. Nxc5 Bxc5 25. Kg2 Bd4 26. Kf3 Kf7 27. g4 hxg4+ 28. Kxg4 Ke6 29. Ne3 Bxe3 30. fxe3 c5 31. a3 a5 32. a4 Kf7 33. Kf3 Kg7 34. Kg3 Kh7 35. Kf3 g5 36. Kg3 Kh6 37. Kg4 Kg6 38. h5+ Kh6 39. Kf5 Kxh5 40. Kxf6 g4 0-1